[Event "Youth Chess Team Russia-Russia Deaf"]
[Site "Dresden"]
[Date "2018.10.21"]
[Round "7.4"]
[White "Petrov, Alexey"]
[Black "Sergeeva, Anna"]
[Result "1-0"]
[TotalPlyCount "83"]
[HashCode "d81c8624"]
[WhiteElo "1970"]
[BlackElo "1469"]
[Annotator "Rnd./Pair./Board: 07.004.04"]
[PlyCount "83"]

1. e4 e5 2. Nf3 Nc6 3. Bb5 d6 4. d4 Bd7 5. Nc3 exd4 6. Nxd4 Nxd4 7. Qxd4 Nf6 8. O-O Be7 9. Re1 O-O 10. Bg5 Re8 11. Rad1 Bxb5 12. Nxb5 a6 13. Nc3 h6 14. Bh4 Nd7 15. Bxe7 Rxe7 16. Nd5 Re6 17. c4 Nf6 18. Nxf6+ Qxf6 19. Qxf6 Rxf6 20. e5 dxe5 21. Rxe5 Kf8 22. Rd7 Rc8 23. Ree7 g6 24. f3 Re8 25. Rxe8+ Kxe8 26. Rxc7 b6 27. Rb7 Rd6 28. b3 f6 29. Kf2 f5 30. Kg3 g5 31. h4 f4+ 32. Kg4 gxh4 33. Kxh4 Rg6 34. Kh5 Rxg2 35. Rxb6 Rg3 36. Rxh6 Rxf3 37. Kg4 Rf2 38. Rxa6 f3 39. Kg3 Rf1 40. Rf6 Ra1 41. a4 Rg1+ 42. Kf2 1-0